000
00223nam a22000857a 4500
008
170116b xxu||||| |||| 00| 0 eng d
100
_9
2431
_a
Sharan.S.
245
_a
Chemistry in Practical-12
260
_a
New Delhi
_b
Full Mark
_c
2011
999
_c
5471
_d
5471